| 000 | 00846cam a22002655a 4500 | ||
|---|---|---|---|
| 001 | 2540488 | ||
| 005 | 20180311160828.0 | ||
| 008 | 940217t1995 paua frb 001 0 eng d | ||
| 020 | _a0721634842 | ||
| 040 |
_aDNLM/DLC _cDLC _dDLC _dEG-ScBUE _beng |
||
| 082 | 0 | 4 |
_a617.6059 _222 _bBAU |
| 100 | 1 | _aBaum, Lloyd. | |
| 245 | 1 | 0 |
_aTextbook of operative dentistry / _cLloyd Baum, Ralph W. Phillips, Melvin R. Lund. |
| 250 | _a3rd ed. | ||
| 260 |
_aPhiladelphia : _bW. B. Saunders Company, _cc.1995. |
||
| 300 |
_aviii, 661 p. : _bill. ; _c27 cm. |
||
| 504 | _aIncludes bibliographical references and index. | ||
| 650 | 7 |
_aDentistry, Operative. _2BUEsh _930617 |
|
| 651 | _2BUEsh | ||
| 653 |
_bGGEN _bDDent _cMarch2018 |
||
| 700 | 1 |
_aPhillips, Ralph W. _930158 |
|
| 700 | 1 |
_aLund, Melvin R., _d1922- |
|
| 740 | 0 | _aOperative dentistry. | |
| 942 | _2ddc | ||
| 999 |
_c26278 _d26250 |
||